<?xml version="1.0" encoding="UTF-8"?>
<record
    xmlns:xsi="http://www.w3.org/2001/XMLSchema-instance"
    xsi:schemaLocation="http://www.loc.gov/MARC21/slim http://www.loc.gov/standards/marcxml/schema/MARC21slim.xsd"
    xmlns="http://www.loc.gov/MARC21/slim">

  <leader>02154nam0a22003251  4500</leader>
  <controlfield tag="001">rc\3725103</controlfield>
  <controlfield tag="005">20250610064947.0</controlfield>
  <datafield tag="021" ind1=" " ind2=" ">
    <subfield code="a">RU</subfield>
    <subfield code="b">71-61354</subfield>
  </datafield>
  <datafield tag="021" ind1=" " ind2=" ">
    <subfield code="a">RU</subfield>
    <subfield code="b">&#x420;&#x433;15175-72</subfield>
  </datafield>
  <datafield tag="035" ind1=" " ind2=" ">
    <subfield code="a">(NLR Aleph) 007776230</subfield>
  </datafield>
  <datafield tag="090" ind1=" " ind2=" ">
    <subfield code="a">7520786</subfield>
    <subfield code="c">7520786</subfield>
  </datafield>
  <datafield tag="100" ind1=" " ind2=" ">
    <subfield code="a">20130115d1971    |||y0rusy50      ca</subfield>
  </datafield>
  <datafield tag="101" ind1="0" ind2=" ">
    <subfield code="a">rus</subfield>
    <subfield code="a">ger</subfield>
    <subfield code="a">eng</subfield>
    <subfield code="a">fre</subfield>
    <subfield code="a">lit</subfield>
  </datafield>
  <datafield tag="102" ind1=" " ind2=" ">
    <subfield code="a">RU</subfield>
  </datafield>
  <datafield tag="105" ind1=" " ind2=" ">
    <subfield code="a">y   z   |||||</subfield>
  </datafield>
  <datafield tag="200" ind1="1" ind2=" ">
    <subfield code="a">&#x41C;&#x430;&#x442;&#x435;&#x440;&#x438;&#x430;&#x43B;&#x44B; &#x43A; &#x421;&#x438;&#x43C;&#x43F;&#x43E;&#x437;&#x438;&#x443;&#x43C;&#x443; &#x43F;&#x43E; &#x438;&#x441;&#x441;&#x43B;&#x435;&#x434;&#x43E;&#x432;&#x430;&#x43D;&#x438;&#x44E; &#x432;&#x438;&#x434;&#x430; Vimba Vimba (L.) &#x432; &#x433;&#x440;&#x430;&#x43D;&#x438;&#x446;&#x430;&#x445; &#x430;&#x440;&#x435;&#x430;&#x43B;&#x430;. (&#x41B;&#x435;&#x43D;&#x438;&#x43D;&#x433;&#x440;&#x430;&#x434;, 23 &#x430;&#x432;&#x433;&#x443;&#x441;&#x442;&#x430; 1971 &#x433;.)</subfield>
    <subfield code="f">&#x421;&#x43E;&#x432;. &#x43D;&#x430;&#x446;. &#x43A;&#x43E;&#x43C;. &#x43F;&#x43E; &#x41C;&#x435;&#x436;&#x434;&#x443;&#x43D;&#x430;&#x440;. &#x431;&#x438;&#x43E;&#x43B;. &#x43F;&#x440;&#x43E;&#x433;&#x440;&#x430;&#x43C;&#x43C;&#x435;. &#x418;&#x43D;-&#x442; &#x437;&#x43E;&#x43E;&#x43B;&#x43E;&#x433;&#x438;&#x438; &#x438; &#x43F;&#x430;&#x440;&#x430;&#x437;&#x438;&#x442;&#x43E;&#x43B;&#x43E;&#x433;&#x438;&#x438; &#x410;&#x41D; &#x41B;&#x438;&#x442;&#x421;&#x421;&#x420;. XVIII &#x41B;&#x438;&#x43C;&#x43D;&#x43E;&#x43B;. &#x43A;&#x43E;&#x43D;&#x433;&#x440;&#x435;&#x441;&#x441;</subfield>
  </datafield>
  <datafield tag="210" ind1=" " ind2=" ">
    <subfield code="a">&#x412;&#x438;&#x43B;&#x44C;&#x43D;&#x44E;&#x441;</subfield>
    <subfield code="c">&#x411;. &#x438;.</subfield>
    <subfield code="d">1971</subfield>
  </datafield>
  <datafield tag="215" ind1=" " ind2=" ">
    <subfield code="a">86 &#x441;.</subfield>
    <subfield code="d">20</subfield>
  </datafield>
  <datafield tag="300" ind1=" " ind2=" ">
    <subfield code="a">&#x422;&#x435;&#x43A;&#x441;&#x442; &#x43D;&#x430; &#x440;&#x443;&#x441;., &#x43D;&#x435;&#x43C;., &#x430;&#x43D;&#x433;&#x43B;., &#x444;&#x440;. &#x438; &#x43B;&#x438;&#x442;&#x43E;&#x432;. &#x44F;&#x437;.</subfield>
  </datafield>
  <datafield tag="300" ind1=" " ind2=" ">
    <subfield code="a">&#x414;&#x43E;&#x43F;. &#x442;&#x438;&#x442;. &#x43B;&#x438;&#x441;&#x442;&#x44B;: &#x43D;&#x430; &#x430;&#x43D;&#x433;&#x43B;. &#x44F;&#x437;.: Materials for the Symposium on the investigations of the species Vimba Vimba (L.) within its arrea; &#x43D;&#x430; &#x444;&#x440;. &#x44F;&#x437;.: Mati&#xE8;re des rapports du Symposium concernant les etudes sur l'espece Vimba Vimba (L.) dans les limites de son arreal; &#x43D;&#x430; &#x43D;&#x435;&#x43C;. &#x44F;&#x437;.: Die Materialen zum Simposium f&#xFC;r Erforschung der Vimba, Vimba (L.) art in den Grenzen des Areals; &#x43D;&#x430; &#x43B;&#x438;&#x442;&#x43E;&#x432;. &#x44F;&#x437;.: Med&#x17E;iaga ru&#x161;ies Vimba, Vimba (L.) tyrimo arealo bibose Simpoziumui</subfield>
  </datafield>
  <datafield tag="513" ind1="0" ind2=" ">
    <subfield code="a">Mati&#xE8;re des rapports du Symposium concernant les etudes sur l'espece Vimba Vimba (L.) dans les limites de son arreal</subfield>
  </datafield>
  <datafield tag="513" ind1="0" ind2=" ">
    <subfield code="a">Die Materialen zum Simposium f&#xFC;r Erforschung der Vimba, Vimba (L.) art in den Grenzen des Areals</subfield>
  </datafield>
  <datafield tag="513" ind1="0" ind2=" ">
    <subfield code="a">Materials for the Symposium on the investigations of the species Vimba Vimba (L.) within its arrea</subfield>
  </datafield>
  <datafield tag="513" ind1="0" ind2=" ">
    <subfield code="a">Med&#x17E;iaga ru&#x161;ies Vimba, Vimba (L.) tyrimo arealo bibose Simpoziumui</subfield>
  </datafield>
  <datafield tag="710" ind1="1" ind2="2">
    <subfield code="a">&#x421;&#x438;&#x43C;&#x43F;&#x43E;&#x437;&#x438;&#x443;&#x43C; &#x43F;&#x43E; &#x438;&#x441;&#x441;&#x43B;&#x435;&#x434;&#x43E;&#x432;&#x430;&#x43D;&#x438;&#x44E; &#x432;&#x438;&#x434;&#x430; Vimba Vimba (L.) &#x432; &#x433;&#x440;&#x430;&#x43D;&#x438;&#x446;&#x430;&#x445; &#x430;&#x440;&#x435;&#x430;&#x43B;&#x430; (1971; &#x41B;&#x435;&#x43D;&#x438;&#x43D;&#x433;&#x440;&#x430;&#x434;)</subfield>
  </datafield>
  <datafield tag="801" ind1=" " ind2="0">
    <subfield code="a">RU</subfield>
    <subfield code="b">NLR</subfield>
    <subfield code="g">psbo</subfield>
  </datafield>
  <datafield tag="801" ind1=" " ind2="1">
    <subfield code="a">RU</subfield>
    <subfield code="b">ELAR</subfield>
    <subfield code="2">rusmarc</subfield>
  </datafield>
  <datafield tag="852" ind1=" " ind2=" ">
    <subfield code="a">NLR</subfield>
    <subfield code="j">72-4/23315</subfield>
  </datafield>
  <datafield tag="942" ind1=" " ind2=" ">
    <subfield code="c">BOOK</subfield>
  </datafield>
  <datafield tag="980" ind1=" " ind2=" ">
    <subfield code="a">NB</subfield>
  </datafield>
  <datafield tag="995" ind1=" " ind2=" ">
    <subfield code="5">2013-10-26</subfield>
    <subfield code="b">NLR01</subfield>
    <subfield code="c">NLR01</subfield>
    <subfield code="e">RF91</subfield>
    <subfield code="f">7776230-10</subfield>
    <subfield code="k">72-4/23315</subfield>
    <subfield code="o">0</subfield>
    <subfield code="r">BOOK</subfield>
    <subfield code="s">72423315_</subfield>
  </datafield>
</record>
